Detalles MARC
| 000 -LÍDER |
| Campo fijo de descripción fija |
01309nam a2200313 i 4500 |
| 001 - NÚMERO DE CONTROL |
| Campo de control |
768714001 |
| 003 - IDENTIFICADOR DEL NÚMERO DE CONTROL |
| Campo de control |
CO-MdFUSB |
| 005 - FECHA Y HORA DE LA ULTIMA TRANSACCIÓN |
| control field |
20230529161747.0 |
| 007 - CAMPO FIJO DE DESCRIPCIÓN FIJA--INFORMACIÓN GENERAL |
| Campo fijo de descripción fija |
ta |
| 008 - ELEMENTOS DE LONGITUD FIJA -- INFORMACIÓN GENERAL |
| Campo fijo de descripción fija -- Información general |
211005t2016 ck aco|| |||| 00| 0 spa d |
| 020 ## - NÚMERO INTERNACIONAL NORMALIZADO PARA LIBROS |
| Número Internacional Normalizado del libro |
9789585965805 |
| 040 ## - FUENTE DE CATALOGACIÓN |
| Agencia de catalogación original |
CO-MdFUSB |
| Idioma de catalogación |
spa |
| Agencia que realiza la transcripción |
CO-MdFUSB |
| Agencia que realiza la modificación |
CO-MdFUSBC |
| Convenciones de la descripción |
rda |
| 041 ## - CÓDIGO DE IDIOMA |
| Código de idioma para texto/pista de sonido o título separado |
spa |
| 082 ## - NÚMERO DE CLASIFICACIÓN DECIMAL DEWEY |
| Número de la edición del Dewey |
23 |
| Número de clasificación |
027.509 |
| Clave de autor-Numero de item |
B276 |
| 110 ## - ASIENTO PRINCIPAL--NOMBRE CORPORATIVO |
| Nombre corporativo o de jurisdicción como elemento de entrada |
Corporación Cultural y Biblioteca Sembrando Futuro, |
| 245 ## - TÍTULO |
| Título del Material |
Barrio y biblioteca : |
| Parte restante del título - Subtitulo |
memorias colectivas en la construcción barrial del noroccidente de Medellín. |
| Mención de responsabilidad, etc. |
/ Corporación Cultural y Biblioteca Sembrando Futuro , Iberbibliotecas , Programa Iberoamericano de Bibliotecas Públicas. |
| 264 #0 - PRODUCCIÓN, PUBLICACIÓN, DISTRIBUCIÓN, MANUFACTURA, Y COPYRIGHT |
| Lugar de producción, publicación, distribución, manufactura |
Medellín, Colombia : |
| Nombre del productor, publicador, distribuidor |
Corporación Cultural y Biblioteca Sembrando Futuro, |
| Fecha de producción, publicación, distribución, manufactura, o copyright |
2016 |
| 300 ## - DESCRIPCIÓN FÍSICA |
| Extensión |
277 páginas : |
| Otros detalles físicos |
fotos a color |
| Dimensiones |
; 22 cm |
| 336 ## - TIPO DE CONTENIDO |
| Fuente |
rdacontent |
| Término de tipo de contenido |
texto |
| Código de tipo de contenido |
txt |
| 337 ## - TIPO DE MEDIO |
| Fuente |
rdamedia |
| Nombre del tipo de medio |
sin mediación |
| Código del tipo de medio |
n |
| 338 ## - TIPO DE SOPORTE |
| Fuente |
rdacarrier |
| Nombre del tipo de soporte |
volumen |
| Código Tipo de soporte |
nc |
| 505 ## - NOTA DE CONTENIDO |
| Nota de contenido con formato preestablecido |
Barrios y bibliotecas en el noroccidente de Medellín. -- Bibliotecas para no olvidar. -- Bibliotecas de barrio, intensas experiencias de vida. |
| 563 ## - NOTA DE ENCUADERNACIÓN |
| Nota de encuadernación |
Rústico |
| 653 ## - TÉRMINO DE INDIZACIÓN - NO CONTROLADO |
| Término no controlado |
Bibliotecas y comunidad |
| 710 ## - ASIENTO SECUNDARIO - NOMBRE CORPORATIVO |
| 9 (RLIN) |
5730 |
| Nombre corporativo o de jurisdicción como elemento de entrada |
Iberbibliotecas, |
| 710 ## - ASIENTO SECUNDARIO - NOMBRE CORPORATIVO |
| 9 (RLIN) |
5731 |
| Nombre corporativo o de jurisdicción como elemento de entrada |
Programa Iberoamericano de Bibliotecas Públicas. |
| 942 ## - TIPO DE MATERIAL (KOHA) |
| Tipo de Item KOHA |
Libros General |
| 945 ## - INFORMACIÓN LOCAL DEL REGISTRO |
| Catalogador |
JTF-925 |